Una stagione selvaggia /

Saved in:
Bibliografiske detaljer
Hovedforfatter: Lansdale, Joe R. (Author)
Andre forfattere: Prinetti, Costanza
Format: Bog
Sprog:italiensk
Udgivet: Torino : Einaudi, [2006]
Serier:Einaudi stile libero. Noir
Tags: Tilføj Tag
Ingen Tags, Vær først til at tagge denne postø!

MARC

LEADER 00000nam a2200000 i 4500
001 IT\ICCU\UBO\3064404
003 ItRI
005 20241012095733.0
008 061006s2006 it |||||| ||||| |||||c
015 |2 IT  |a 2007-5574 
020 |a 8806169548 
020 |a 9788806169541 (3. ed. 2007) 
040 |b ita  |c CT 
041 7 |a ita  |2 ISO-639-2 
082 |a 813.6  |2 21 
100 1 |a Lansdale, Joe R.  |0 IT\ICCU\RAVV\085347  |4 aut 
240 1 0 |a Savage season.  |9 Lansdale, Joe R. 
245 1 4 |a Una stagione selvaggia /  |c Joe R. Lansdale ; traduzione di Costanza Prinetti. 
260 |a Torino :  |b Einaudi,  |c [2006] 
300 |a 196 p. ;  |c 20 cm. 
700 1 |a Prinetti, Costanza  |0 IT\ICCU\UBOV\052651 
830 0 |a Einaudi stile libero. Noir  |0 IT\ICCU\UBO\2636503 
942 |2 ddc  |c BK 
952 |0 0  |1 0  |2 ddc  |4 0  |6 813_600000000000000_LAN_STA  |7 1  |9 2106  |a GE  |b GE  |d 2024-10-12  |l 0  |o 813.6 LAN STA  |p 1293  |r 2024-10-12 09:58:35  |w 2024-10-12  |x Donazione di Alvaro Bazzano  |y BK  |z Donazione AB 
981 1 |6 z01  |a i   |b xxxe  
982 1 |6 z01  |a n 
999 |c 1847  |d 1847